Ópusztaszeri emlék

Elmentve itt :
Bibliográfiai részletek
Szerző: Hegedűs László
Dokumentumtípus: Cikk
Megjelent: 1983-05-11
Sorozat:Délmagyarország 73 No. 110
Kulcsszavak:Ópusztaszer
Online Access:http://dmarchiv.bibl.u-szeged.hu/85620
LEADER 00444nab a2200157 i 4500
001 delm85620
005 20190627124143.0
008 190627s1983 hu o 0|| hun d
040 |a SZTE Délmagyarország Archívum  |b hun 
041 |a hun 
100 1 |a Hegedűs László 
245 1 0 |a Ópusztaszeri emlék  |h [elektronikus dokumentum] /  |c  Hegedűs László 
260 |c 1983-05-11 
300 |a 6 
490 0 |a Délmagyarország  |v 73 No. 110 
695 |a Ópusztaszer